[Event "Excelsior March op"]
[Site "Toronto CAN"]
[Date "2023.03.12"]
[Round "4.36"]
[White "Lakhani, Riyaan"]
[Black "Suresh, Pavan"]
[Result "1-0"]
[WhiteElo "1641"]
[BlackElo "1340"]
[PlyCount "105"]
[EventDate "2023.03.19"]
[EventType "swiss"]
[EventRounds "5"]
[EventCountry "CAN"]

1. Nf3 Nf6 2. c4 c6 3. e3 d5 4. Nc3 e6 5. b3 Nbd7 6. Qc2 Be7 7. Bb2 O-O 8. Rc1
b6 9. cxd5 exd5 10. Nd4 Bb7 11. Nf5 Re8 12. Nxe7+ Qxe7 13. d4 Rac8 14. Be2 c5
15. dxc5 Qxc5 16. Qd2 Qe7 17. O-O Nc5 18. Rfd1 Nce4 19. Qd4 Nxc3 20. Bxc3 Qa3
21. Ra1 Re4 22. Qd2 Qe7 23. Bf3 Re6 24. Bxf6 Qxf6 25. Bg4 Rec6 26. Bxc8 Rxc8
27. Rac1 Rd8 28. Qd4 Qe7 29. Rc2 h6 30. Rdc1 Rd7 31. h3 Qd8 32. a4 Re7 33. Qf4
d4 34. Qxd4 Qxd4 35. exd4 Re4 36. Rd2 Bd5 37. b4 Bb3 38. a5 Re7 39. Rc8+ Kh7
40. d5 bxa5 41. bxa5 Rd7 42. d6 Be6 43. Rc7 Rd8 44. Rxa7 Kg6 45. Rc7 Kf6 46. a6
Bf5 47. a7 Be4 48. d7 Ke7 49. Re2 f5 50. Rb7 Kd6 51. Rxe4 fxe4 52. Rb8 Rxd7 53.
a8=Q 1-0

[Event "Excelsior March op"]
[Site "Toronto CAN"]
[Date "2023.03.12"]
[Round "4.37"]
[White "Chhabda, Chintansingh"]
[Black "Zhong, Ryan Yunhui"]
[Result "0-1"]
[WhiteElo "1280"]
[BlackElo "1636"]
[PlyCount "76"]
[EventDate "2023.03.19"]
[EventType "swiss"]
[EventRounds "5"]
[EventCountry "CAN"]

1. d4 e6 2. c4 d5 3. Nf3 dxc4 4. e4 b5 5. a4 c6 6. axb5 cxb5 7. b3 Nf6 8. e5
Ne4 9. bxc4 bxc4 10. Bxc4 Bb4+ 11. Bd2 Nxd2 12. Nbxd2 O-O 13. O-O Bb7 14. Nb3
a5 15. Nc1 Bxf3 16. Qxf3 Qxd4 17. Qxa8 Qxa1 18. Nd3 Qd4 19. Nxb4 axb4 20. Qa2
Qxe5 21. Qb1 Nc6 22. Rc1 Nd4 23. Qxb4 Nf3+ 24. gxf3 Qg5+ 25. Kf1 Qxc1+ 26. Kg2
Rc8 27. Bd3 Qg5+ 28. Kh3 Rd8 29. Qb3 g6 30. Be4 Qg1 31. Qe3 Qf1+ 32. Kg3 h5 33.
Bxg6 Qg1+ 34. Kh3 Qxg6 35. Qb6 Rd1 36. Qb8+ Kh7 37. Qb7 Rg1 38. Qe7 Qg2+ 0-1

[Event "Excelsior March op"]
[Site "Toronto CAN"]
[Date "2023.03.12"]
[Round "4.38"]
[White "Qian, Eric"]
[Black "Anish, Diganth"]
[Result "1-0"]
[WhiteElo "1614"]
[BlackElo "1155"]
[PlyCount "127"]
[EventDate "2023.03.19"]
[EventType "swiss"]
[EventRounds "5"]
[EventCountry "CAN"]

1. e4 e5 2. Nf3 Nc6 3. Bb5 Bc5 4. O-O d6 5. c3 Bd7 6. d4 exd4 7. cxd4 Bb6 8.
Nc3 Nge7 9. Bg5 O-O 10. Nd5 f6 11. Bc4 Kh8 12. Nxb6 axb6 13. Bf4 Bg4 14. Be3
Ng6 15. h3 Bd7 16. Qc2 f5 17. Bg5 Qe8 18. Bd5 f4 19. Qc3 Qc8 20. Kh2 Nce7 21.
Bb3 Ra5 22. Bxe7 Nxe7 23. Rac1 c6 24. Qb4 Qc7 25. Rfd1 Rh5 26. e5 Rh6 27. d5 c5
28. Qe4 Ng6 29. e6 Bb5 30. Ng5 Qe7 31. Nf3 Nh4 32. Nxh4 Qxh4 33. e7 Re8 34. Re1
Qxf2 35. Ba4 Qg3+ 36. Kg1 f3 37. Rc2 Bxa4 38. Rf2 Rxh3 39. Rxf3 Qh2+ 40. Kf2
Rxf3+ 41. Qxf3 h6 42. Qf8+ Kh7 43. Qf5+ Kg8 44. Qe6+ Kh8 45. Re4 Bb5 46. a4
Bxa4 47. Rxa4 Qh5 48. Rf4 Kh7 49. Qxd6 Qg5 50. Re4 Qf5+ 51. Ke3 Qg5+ 52. Kd3
Qxg2 53. Qe5 Qh3+ 54. Kc2 Qd7 55. d6 Qc6 56. Qe6 c4 57. d7 Qa4+ 58. Kd2 Qb4+
59. Kc1 c3 60. Rxb4 cxb2+ 61. Kb1 Ra8 62. Qf5+ Kh8 63. e8=R+ Rxe8 64. dxe8=R#
1-0

[Event "Excelsior March op"]
[Site "Toronto CAN"]
[Date "2023.03.12"]
[Round "4.39"]
[White "Cater, Brendan"]
[Black "Clarizio, Joshua"]
[Result "1-0"]
[WhiteElo "1601"]
[BlackElo "1350"]
[PlyCount "41"]
[EventDate "2023.03.19"]
[EventType "swiss"]
[EventRounds "5"]
[EventCountry "CAN"]

1. e4 c6 2. d4 d5 3. f3 dxe4 4. fxe4 Nd7 5. Nf3 e6 6. c3 g6 7. Nbd2 Bg7 8. e5
Ne7 9. Ne4 O-O 10. Bc4 b5 11. Bb3 a5 12. a3 Kh8 13. O-O f6 14. Bxe6 fxe5 15.
Nfg5 Rxf1+ 16. Qxf1 Qf8 17. Nf7+ Kg8 18. Nxe5+ Kh8 19. Nf7+ Kg8 20. Neg5 Nc5
21. Nh6+ 1-0

[Event "Excelsior March op"]
[Site "Toronto CAN"]
[Date "2023.03.12"]
[Round "4.40"]
[White "Bakradze, Joshua"]
[Black "Faizy, Mohammed"]
[Result "0-1"]
[WhiteElo "1164"]
[BlackElo "1589"]
[PlyCount "50"]
[EventDate "2023.03.19"]
[EventType "swiss"]
[EventRounds "5"]
[EventCountry "CAN"]

1. e4 c5 2. Nf3 e6 3. d4 cxd4 4. Nxd4 Nc6 5. Nc3 a6 6. Nxc6 bxc6 7. Bd3 d5 8.
exd5 cxd5 9. Qf3 Nf6 10. O-O Be7 11. Qg3 Bb7 12. Re1 O-O 13. Bh6 Ne8 14. Qg4 f5
15. Qe2 gxh6 16. Qxe6+ Rf7 17. Bxf5 Nd6 18. Bd3 Bh4 19. g3 Qf6 20. gxh4 Qxf2+
21. Kh1 d4+ 22. Ne4 Re8 23. Rg1+ Kh8 24. Qxd6 Rxe4 25. Qb8+ Re8+ 0-1

[Event "Excelsior March op"]
[Site "Toronto CAN"]
[Date "2023.03.12"]
[Round "4.41"]
[White "Sirkovich, Daniel"]
[Black "Lin, Austin"]
[Result "0-1"]
[WhiteElo "1528"]
[BlackElo "1168"]
[PlyCount "121"]
[EventDate "2023.03.19"]
[EventType "swiss"]
[EventRounds "5"]
[EventCountry "CAN"]

1. e4 c5 2. Nf3 b6 3. d4 e6 4. Nc3 cxd4 5. Nxd4 Bb7 6. Bd3 Bb4 7. Bd2 Ne7 8.
O-O Nbc6 9. Nf3 h6 10. a3 Bd6 11. Nb5 Bb8 12. Bc3 O-O 13. Qd2 Ng6 14. g3 a6 15.
Nbd4 Bc7 16. Rad1 Rc8 17. Qe2 a5 18. Bb5 Qe7 19. Nd2 Rfd8 20. N2b3 Be5 21. f4
Nxd4 22. Nxd4 Bd6 23. Be1 Bc5 24. Bf2 Nf8 25. c3 Nh7 26. b4 Bd6 27. e5 Bb8 28.
Qe3 d6 29. exd6 Bxd6 30. Ne2 Bc7 31. Rd4 Nf6 32. Rfd1 Nd5 33. Qd2 Qf6 34. Rd3
Ne7 35. Qc1 Nf5 36. Rd7 Rxd7 37. Rxd7 Nd6 38. Nd4 Ne4 39. Be3 Nd6 40. Bc6 Bxc6
41. Nxc6 Nf5 42. Na7 Rd8 43. Rxc7 Rd3 44. Bf2 e5 45. Rc8+ Kh7 46. fxe5 Qxe5 47.
Qc2 Qe4 48. Rd8 Rxg3+ 49. hxg3 Qxc2 50. Nb5 Qb1+ 51. Kg2 Qe4+ 52. Kg1 axb4 53.
axb4 Qg4 54. Rd3 Qc4 55. Rf3 Qxb5 56. c4 Qe5 57. Bxb6 Nxg3 58. Kg2 Nf5 59. Bf2
Nd4 60. Rxf7 Qe4+ 61. Kg1 0-1

[Event "Excelsior March op"]
[Site "Toronto CAN"]
[Date "2023.03.12"]
[Round "4.42"]
[White "Jia, Ethan"]
[Black "Surendran, Siddharth"]
[Result "0-1"]
[WhiteElo "732"]
[BlackElo "836"]
[PlyCount "84"]
[EventDate "2023.03.19"]
[EventType "swiss"]
[EventRounds "5"]
[EventCountry "CAN"]

1. e4 c5 2. Nf3 e6 3. Bc4 a6 4. a4 Nc6 5. Nc3 Qc7 6. b3 Nf6 7. d3 Be7 8. Be3
O-O 9. d4 cxd4 10. Nxd4 Bb4 11. Qd2 Qa5 12. Nxc6 dxc6 13. O-O-O Nxe4 14. Qd3
Nxc3 15. Kb2 Nxd1+ 16. Rxd1 Be7 17. Qe4 Qf5 18. Qd3 Qxd3 19. Rxd3 Bf6+ 20. Kb1
b5 21. Rd6 bxc4 22. Rxc6 cxb3 23. cxb3 Bb7 24. Rb6 Bxg2 25. b4 Be4+ 26. Ka2
Rfb8 27. a5 Rxb6 28. axb6 Bd8 29. Kb3 Rb8 30. Kc4 Bxb6 31. Bf4 Bd5+ 32. Kd3 Rc8
33. Bd2 Bc4+ 34. Kc3 e5 35. h4 Bd4+ 36. Kc2 Bb5+ 37. Kb3 Bxf2 38. h5 f5 39. h6
e4 40. hxg7 e3 41. Bc3 Rxc3+ 42. Kxc3 e2 0-1

[Event "Excelsior March op"]
[Site "Toronto CAN"]
[Date "2023.03.12"]
[Round "5.2"]
[White "Mikhalevski, Victor"]
[Black "Ibarra Chami, Luis Fernando"]
[Result "1-0"]
[WhiteElo "2519"]
[BlackElo "2447"]
[PlyCount "77"]
[EventDate "2023.03.19"]
[EventType "swiss"]
[EventRounds "5"]
[EventCountry "CAN"]

1. Nf3 d5 2. g3 Nf6 3. Bg2 e6 4. O-O c5 5. c4 d4 6. e3 Nc6 7. d3 Bd6 8. exd4
cxd4 9. Na3 O-O 10. Nc2 e5 11. b4 Re8 12. Re1 Bg4 13. c5 Bc7 14. b5 Na5 15. h3
Bd7 16. Rb1 Rc8 17. a4 Bb8 18. Ba3 Nd5 19. Ng5 Qxg5 20. h4 Bg4 21. hxg5 Bxd1
22. Rexd1 Nc3 23. Rf1 Nxb1 24. Rxb1 b6 25. c6 Rcd8 26. Be4 g6 27. g4 Bd6 28.
Bc1 Rf8 29. Ne1 h6 30. gxh6 f5 31. Bd5+ Kh7 32. Nf3 Be7 33. Be6 Rd6 34. Ba2 e4
35. Ng5+ Bxg5 36. Bxg5 Re8 37. Bf7 Rf8 38. Be7 Rxf7 39. Bxd6 1-0

[Event "Excelsior March op"]
[Site "Toronto CAN"]
[Date "2023.03.12"]
[Round "5.5"]
[White "Campbell, Ryan"]
[Black "Nagy, Gabor"]
[Result "1-0"]
[WhiteElo "2018"]
[BlackElo "2497"]
[PlyCount "69"]
[EventDate "2023.03.19"]
[EventType "swiss"]
[EventRounds "5"]
[EventCountry "CAN"]

1. e4 c5 2. Nf3 e6 3. d4 cxd4 4. Nxd4 Nc6 5. Nc3 Qc7 6. Be3 a6 7. Qf3 d6 8. Qg3
Bd7 9. Be2 Nf6 10. f4 Rc8 11. Rd1 b5 12. a3 Be7 13. O-O g6 14. Kh1 O-O 15. f5
Nxd4 16. Bxd4 e5 17. Be3 Kh8 18. Bg5 gxf5 19. Qh4 Qd8 20. Rxd6 Rc6 21. Rfd1
Rxd6 22. Rxd6 Ng8 23. Bxe7 Nxe7 24. Qf6+ Kg8 25. Qg5+ Ng6 26. Qd2 Qh4 27. Rxd7
fxe4 28. g3 Qf6 29. Nxe4 Qc6 30. Bf3 Qc4 31. Kg2 Kh8 32. Nf6 Qe6 33. Rd6 Qe7
34. Qh6 Qxd6 35. Qxh7# 1-0

[Event "Excelsior March op"]
[Site "Toronto CAN"]
[Date "2023.03.12"]
[Round "5.8"]
[White "Rusonik, Max"]
[Black "Ruchinskaya, Valerie"]
[Result "1-0"]
[WhiteElo "2173"]
[BlackElo "1541"]
[PlyCount "95"]
[EventDate "2023.03.19"]
[EventType "swiss"]
[EventRounds "5"]
[EventCountry "CAN"]

1. e4 e6 2. d4 d5 3. e5 c5 4. c3 Nc6 5. Nf3 Bd7 6. Be2 Qb6 7. O-O Nge7 8. Na3
cxd4 9. cxd4 Rc8 10. Nc2 Na5 11. b3 Bb5 12. Ba3 Ng6 13. Bxf8 Nxf8 14. Rc1 Nc6
15. h4 Nd7 16. h5 h6 17. g4 Ne7 18. Nh4 O-O 19. Bxb5 Qxb5 20. Qd2 f6 21. exf6
Nxf6 22. f3 Rc7 23. Rfe1 Qd7 24. Nb4 Rfc8 25. Rxc7 Rxc7 26. Nd3 b6 27. Ng2 Nc6
28. Qe3 Nh7 29. Ngf4 Nf8 30. Kg2 Nd8 31. Re2 Qf7 32. Ne5 Qe7 33. Kg3 Qf6 34.
Qd3 Nf7 35. Neg6 Ng5 36. Qe3 Nxg6 37. hxg6 Rc6 38. Qd3 Rc1 39. Qe3 Rc6 40. Re1
Qd8 41. Rc1 Rxc1 42. Qxc1 Qd7 43. Nd3 Kf8 44. Ne5 Qb7 45. b4 Ke7 46. b5 Ke8 47.
Qc3 Kd8 48. Qa3 1-0

[Event "Excelsior March op"]
[Site "Toronto CAN"]
[Date "2023.03.12"]
[Round "5.9"]
[White "Chen, Max"]
[Black "Zhong, April"]
[Result "1-0"]
[WhiteElo "2111"]
[BlackElo "1524"]
[PlyCount "77"]
[EventDate "2023.03.19"]
[EventType "swiss"]
[EventRounds "5"]
[EventCountry "CAN"]

1. e4 e6 2. Qe2 d5 3. exd5 Qxd5 4. Nc3 Qd8 5. g3 Bd7 6. Bg2 Bc6 7. Nf3 Nf6 8.
O-O Be7 9. Rb1 O-O 10. b4 b6 11. b5 Bb7 12. Ne5 Bxg2 13. Kxg2 Nd5 14. Ne4 f6
15. Nf3 c5 16. Bb2 e5 17. Nc3 Nxc3 18. dxc3 Nd7 19. Rbd1 Qc7 20. c4 Rf7 21. Rd2
Nf8 22. Rfd1 Rd8 23. Nh4 Ne6 24. Nf5 Nd4 25. Qg4 Kh8 26. c3 Nxf5 27. Qxf5 g6
28. Rxd8+ Bxd8 29. Qe6 Kg7 30. Qe8 Re7 31. Qxd8 Qxd8 32. Rxd8 f5 33. a4 f4 34.
Kf3 g5 35. Ke4 fxg3 36. fxg3 Rf7 37. Bc1 g4 38. a5 bxa5 39. Ba3 1-0

[Event "Excelsior March op"]
[Site "Toronto CAN"]
[Date "2023.03.12"]
[Round "5.10"]
[White "Sambuev, Bator"]
[Black "Singh Dhaliwal, Jaipreet"]
[Result "1-0"]
[WhiteElo "2434"]
[BlackElo "1785"]
[PlyCount "63"]
[EventDate "2023.03.19"]
[EventType "swiss"]
[EventRounds "5"]
[EventCountry "CAN"]

1. d4 Nf6 2. c4 g6 3. Nc3 Bg7 4. e4 d6 5. Nf3 O-O 6. Be2 e5 7. O-O Nc6 8. d5
Ne7 9. Ne1 Ne8 10. Nd3 f5 11. f4 exf4 12. Bxf4 Bxc3 13. bxc3 fxe4 14. Nb4 Ng7
15. g4 Bd7 16. Nc2 Nc8 17. Qd2 Nb6 18. Bg5 Qe8 19. Rxf8+ Qxf8 20. Rf1 Qe8 21.
Qf4 Na4 22. Bf6 Nc5 23. Qh6 Qf8 24. Qh4 Ba4 25. Be7 Qxf1+ 26. Kxf1 Bxc2 27. Bd8
c6 28. Kf2 cxd5 29. cxd5 Rc8 30. Bf6 Re8 31. Qh6 e3+ 32. Ke1 1-0

[Event "Excelsior March op"]
[Site "Toronto CAN"]
[Date "2023.03.12"]
[Round "5.11"]
[White "Dukic, Zachary"]
[Black "Yang, Lefan"]
[Result "0-1"]
[WhiteElo "2238"]
[BlackElo "1745"]
[PlyCount "54"]
[EventDate "2023.03.19"]
[EventType "swiss"]
[EventRounds "5"]
[EventCountry "CAN"]

1. e4 c5 2. Nf3 Nc6 3. d4 cxd4 4. Nxd4 Nf6 5. Nc3 e5 6. Ndb5 d6 7. Nd5 Nxd5 8.
exd5 Nb8 9. a4 Be7 10. Bd2 O-O 11. Be2 f5 12. a5 Na6 13. c4 Bg5 14. O-O f4 15.
Bg4 e4 16. Bxc8 Rxc8 17. Qg4 Qe7 18. Nd4 Bh6 19. b3 Nc5 20. Rae1 Rce8 21. Re2
Qf7 22. b4 Nd3 23. Ne6 Ne5 24. Qh3 f3 25. Rxe4 Bxd2 26. Nxf8 Rxf8 27. c5 Qxd5
0-1

[Event "Excelsior March op"]
[Site "Toronto CAN"]
[Date "2023.03.12"]
[Round "5.12"]
[White "Desikan, Ajith"]
[Black "Gavrilin, Roman"]
[Result "0-1"]
[WhiteElo "1507"]
[BlackElo "2152"]
[PlyCount "104"]
[EventDate "2023.03.19"]
[EventType "swiss"]
[EventRounds "5"]
[EventCountry "CAN"]

1. d4 Nf6 2. Nc3 d5 3. Nf3 a6 4. g3 e6 5. Bg2 c5 6. O-O Nc6 7. Re1 Be7 8. dxc5
Bxc5 9. Na4 Ba7 10. Bg5 Bxf2+ 11. Kxf2 Ne4+ 12. Kg1 Nxg5 13. Nxg5 Qxg5 14. e4
dxe4 15. Rxe4 O-O 16. Kh1 e5 17. Nb6 Rb8 18. Nxc8 Rbxc8 19. Qd7 Rb8 20. Rf1 Qd8
21. Bh3 g6 22. Rd1 Qb6 23. Ree1 Rbd8 24. Qg4 Qxb2 25. Qc4 Rd4 26. Rxd4 Qxd4 27.
Qb3 b5 28. Bg2 Na5 29. Qa3 Qb6 30. Qe7 Nc4 31. Bd5 Qf2 32. Rg1 Ne3 33. Be4 Ng4
34. Bg2 Qf6 35. Qxf6 Nxf6 36. Rf1 Kg7 37. Rd1 Rc8 38. Rd2 Rc3 39. Bb7 Ra3 40.
Rd6 a5 41. Ba6 Rxa2 42. Bxb5 Rxc2 43. Ra6 Ng4 44. h3 Nf2+ 45. Kg2 Ne4+ 46. Kf3
f5 47. Ra7+ Kh6 48. Rxa5 Rc3+ 49. Kg2 Rxg3+ 50. Kh2 f4 51. Bc6 Ng5 52. Bd7 Nf3+
0-1

[Event "Excelsior March op"]
[Site "Toronto CAN"]
[Date "2023.03.12"]
[Round "5.13"]
[White "Laughlin, Braden"]
[Black "Huang, Youhe"]
[Result "0-1"]
[WhiteElo "1664"]
[BlackElo "2070"]
[PlyCount "112"]
[EventDate "2023.03.19"]
[EventType "swiss"]
[EventRounds "5"]
[EventCountry "CAN"]

1. e4 c5 2. Nf3 Nc6 3. Bb5 e5 4. O-O Bd6 5. a4 Nge7 6. d3 Bc7 7. Re1 O-O 8. Nc3
d6 9. Bc4 h6 10. h3 Nd4 11. Nd5 Be6 12. Nxd4 cxd4 13. Nxe7+ Qxe7 14. Bxe6 Qxe6
15. g4 d5 16. Qf3 Rad8 17. Bd2 Qc6 18. Rec1 Rfe8 19. b4 a6 20. Ra3 Bb6 21. a5
Ba7 22. c4 dxc3 23. Raxc3 dxe4 24. dxe4 Qg6 25. Be1 Rd4 26. Rc7 Rxe4 27. Rxb7
Rd4 28. Bd2 h5 29. g5 Rh4 30. Rcc7 Rf8 31. b5 Qe6 32. Kg2 e4 33. Qg3 Bxf2 34.
Rxf7 Qxf7 35. Rxf7 Bxg3 36. Rxf8+ Kxf8 37. Kxg3 e3 38. Bxe3 Ra4 39. bxa6 Rxa5
40. a7 Kf7 41. h4 g6 42. Kf3 Ke6 43. Ke4 Ra4+ 44. Bd4 Kd6 45. Kd3 Kd5 46. Kc3
Rc4+ 47. Kb3 Rc8 48. Bb6 Kc6 49. Bd4 Kb7 50. Kb4 Rf8 51. Kc4 Rf4 52. Kd5 Rxh4
53. Be3 Rg4 54. Ke5 h4 55. Kf6 h3 56. Kxg6 h2 0-1

[Event "Excelsior March op"]
[Site "Toronto CAN"]
[Date "2023.03.12"]
[Round "5.14"]
[White "Filipovich, David"]
[Black "Chen, Richard"]
[Result "1-0"]
[WhiteElo "1993"]
[BlackElo "1820"]
[PlyCount "53"]
[EventDate "2023.03.19"]
[EventType "swiss"]
[EventRounds "5"]
[EventCountry "CAN"]

1. Nf3 d5 2. g3 c5 3. Bg2 Nc6 4. d4 e6 5. O-O Nf6 6. c4 Be7 7. cxd5 exd5 8. Nc3
O-O 9. b3 Bg4 10. Ne5 cxd4 11. Nxc6 bxc6 12. Qxd4 Qb6 13. Qd3 Rad8 14. Bb2 Rfe8
15. Rac1 Bb4 16. e3 d4 17. exd4 Rxd4 18. Qc2 Qd8 19. Bxc6 Rd2 20. Qb1 Re6 21.
Bg2 Be2 22. Nxe2 Rexe2 23. Qf5 Nd7 24. Bxg7 Ba3 25. Bh6 Rd4 26. Rc8 Qxc8 27.
Qg5+ 1-0

[Event "Excelsior March op"]
[Site "Toronto CAN"]
[Date "2023.03.12"]
[Round "5.15"]
[White "Qian, Ashley"]
[Black "Raninga, Aditya"]
[Result "0-1"]
[WhiteElo "1481"]
[BlackElo "1939"]
[PlyCount "160"]
[EventDate "2023.03.19"]
[EventType "swiss"]
[EventRounds "5"]
[EventCountry "CAN"]

1. e4 c5 2. Nf3 Nc6 3. d4 cxd4 4. Nxd4 e5 5. Nb5 a6 6. Nd6+ Bxd6 7. Qxd6 Qf6 8.
Qd1 Qg6 9. Nc3 Nge7 10. Be3 d5 11. Nxd5 Nxd5 12. Qxd5 Be6 13. Qd2 Qxe4 14. f3
Qg6 15. Bd3 Bf5 16. Bxf5 Qxf5 17. O-O O-O 18. a3 Rac8 19. Rfe1 Nd4 20. Bxd4
Rxc2 21. Rxe5 Qxe5 22. Qxc2 Qxd4+ 23. Qf2 Qd5 24. Rc1 Rd8 25. Qe3 h6 26. b4 Qa2
27. f4 Qb2 28. h3 Rd6 29. Rc8+ Kh7 30. Qe4+ g6 31. Rc7 Qf6 32. Rxb7 Re6 33. Qf3
Kg7 34. Kh2 Qd4 35. f5 Re1 36. f6+ Kg8 37. Re7 Qd6+ 38. g3 Rxe7 39. fxe7 Qxe7
40. Qa8+ Kg7 41. Qxa6 Qe3 42. Kg2 Qe4+ 43. Kg1 Qf3 44. g4 Qg3+ 45. Kf1 Qxh3+
46. Kf2 Qxg4 47. b5 Qf4+ 48. Ke2 Qc4+ 49. Kd2 h5 50. Qc6 Qf4+ 51. Kc2 Qa4+ 52.
Kb2 h4 53. Qc3+ Kh7 54. b6 Qb5+ 55. Qb4 Qe5+ 56. Qc3 Qxc3+ 57. Kxc3 h3 58. b7
h2 59. b8=Q h1=Q 60. a4 Qa1+ 61. Kd3 Qxa4 62. Qh2+ Kg8 63. Qb8+ Kg7 64. Qe5+
Kf8 65. Qd6+ Ke8 66. Qe5+ Kd8 67. Qb8+ Kd7 68. Qb7+ Ke6 69. Qb6+ Kf5 70. Qc5+
Kg4 71. Qg1+ Kh5 72. Qc5+ f5 73. Ke3 Qe4+ 74. Kf2 g5 75. Qf8 Kg4 76. Qa3 f4 77.
Qd6 Qe3+ 78. Kf1 Kg3 79. Qd2 Qxd2 80. Kg1 Qg2# 0-1

[Event "Excelsior March op"]
[Site "Toronto CAN"]
[Date "2023.03.12"]
[Round "5.16"]
[White "Ajith, Aayush"]
[Black "Li, Ethan Yichen"]
[Result "1/2-1/2"]
[WhiteElo "1915"]
[BlackElo "1503"]
[PlyCount "63"]
[EventDate "2023.03.19"]
[EventType "swiss"]
[EventRounds "5"]
[EventCountry "CAN"]

1. d4 d5 2. c4 c6 3. Nc3 Nf6 4. Bg5 e6 5. cxd5 exd5 6. Qc2 Nbd7 7. e3 Bd6 8.
Bd3 h6 9. Bh4 Qc7 10. Nf3 O-O 11. O-O Re8 12. Rfc1 a6 13. Rab1 g5 14. Bg3 Bxg3
15. hxg3 Nb6 16. b4 Qe7 17. a4 Be6 18. b5 axb5 19. axb5 c5 20. dxc5 Qxc5 21.
Qb2 Qe7 22. Nd4 Rec8 23. Nce2 Nc4 24. Bxc4 Rxc4 25. Rxc4 dxc4 26. f3 Nd7 27. e4
Ne5 28. b6 Nd3 29. Qb5 Rc8 30. f4 Rc5 31. Qa4 Bg4 32. e5 1/2-1/2

[Event "Excelsior March op"]
[Site "Toronto CAN"]
[Date "2023.03.12"]
[Round "5.17"]
[White "Heran-Boily, Samuel"]
[Black "Chen, Ricky"]
[Result "1-0"]
[WhiteElo "1877"]
[BlackElo "1407"]
[PlyCount "59"]
[EventDate "2023.03.19"]
[EventType "swiss"]
[EventRounds "5"]
[EventCountry "CAN"]

1. e4 e5 2. Nf3 Nc6 3. Bb5 a6 4. Ba4 Nf6 5. d3 b5 6. Bb3 Be7 7. O-O d6 8. c3
O-O 9. Re1 Bg4 10. Nbd2 Na5 11. Bc2 c5 12. h3 Bh5 13. Nf1 Qb6 14. Ng3 Bxf3 15.
Qxf3 b4 16. Nf5 Rfe8 17. Bg5 bxc3 18. bxc3 Kf8 19. Rab1 Qc7 20. h4 Ng8 21. Bd2
g6 22. Ne3 Bxh4 23. Qh3 Qd8 24. Ba4 Re6 25. c4 Bf6 26. Nd5 Ra7 27. Rb6 Nb7 28.
Reb1 Qc8 29. Qxh7 Ne7 30. Bh6+ 1-0

[Event "Excelsior March op"]
[Site "Toronto CAN"]
[Date "2023.03.12"]
[Round "5.18"]
[White "Tan, Brendan"]
[Black "Struthers, Matthew"]
[Result "0-1"]
[WhiteElo "1540"]
[BlackElo "1973"]
[PlyCount "72"]
[EventDate "2023.03.19"]
[EventType "swiss"]
[EventRounds "5"]
[EventCountry "CAN"]

1. e4 c5 2. Nc3 Nc6 3. g3 g6 4. Bg2 Bg7 5. d3 Nf6 6. Nge2 O-O 7. O-O d6 8. Be3
Bd7 9. h3 h6 10. d4 cxd4 11. Nxd4 Nxd4 12. Bxd4 Qc8 13. Kh2 Qc4 14. Kh1 Bc6 15.
b3 Qe6 16. Qd3 b6 17. Rae1 Rac8 18. f4 Qd7 19. g4 Ne8 20. g5 Bxd4 21. Qxd4 h5
22. f5 Ng7 23. f6 e5 24. Qd1 Ne6 25. Ne2 Kh7 26. h4 Bb7 27. Ng3 Rh8 28. Bh3 Rc3
29. Kh2 Bc8 30. Qd2 Qc6 31. Qd1 Rxc2+ 32. Kh1 Nf4 33. Bxc8 Qxc8 34. Nf5 gxf5
35. Rxf4 exf4 36. exf5 Qc6+ 0-1

[Event "Excelsior March op"]
[Site "Toronto CAN"]
[Date "2023.03.12"]
[Round "5.19"]
[White "Loadman, Ian"]
[Black "Liu, Sean"]
[Result "1-0"]
[WhiteElo "1912"]
[BlackElo "1482"]
[PlyCount "78"]
[EventDate "2023.03.19"]
[EventType "swiss"]
[EventRounds "5"]
[EventCountry "CAN"]

1. e4 c5 2. Nc3 Nc6 3. Bb5 d6 4. Bxc6+ bxc6 5. d3 g6 6. f4 Bg7 7. Nf3 Nf6 8.
O-O O-O 9. Qe1 Rb8 10. Qh4 d5 11. e5 Nd7 12. Qf2 e6 13. Na4 Qa5 14. b3 c4 15.
d4 Ba6 16. Re1 Bb5 17. Bd2 Qc7 18. Nc5 Rfe8 19. a4 Nxc5 20. dxc5 Ba6 21. b4 Bc8
22. Rab1 Bd7 23. Bc3 Bf8 24. Kh1 a5 25. bxa5 Qa7 26. Rb6 Rxb6 27. axb6 Qxa4 28.
Ra1 Qb5 29. Bd4 Rb8 30. h3 Be8 31. Kh2 Qb4 32. c3 Qb5 33. Ra7 h6 34. Ne1 Kh8
35. Nc2 Kg8 36. Nb4 Rxb6 37. cxb6 c5 38. Na6 cxd4 39. Qxd4 Bc6 1-0

[Event "Excelsior March op"]
[Site "Toronto CAN"]
[Date "2023.03.12"]
[Round "5.20"]
[White "Furrow, Matthew"]
[Black "Huh, Isaak"]
[Result "0-1"]
[WhiteElo "1796"]
[BlackElo "1801"]
[PlyCount "88"]
[EventDate "2023.03.19"]
[EventType "swiss"]
[EventRounds "5"]
[EventCountry "CAN"]

1. d4 d5 2. c4 e6 3. Nc3 Bb4 4. cxd5 exd5 5. Qc2 Nf6 6. Bg5 O-O 7. e3 Qd6 8.
Bd3 h6 9. Bf4 Qe7 10. Nge2 c6 11. O-O Nh5 12. a3 Nxf4 13. Nxf4 Bd6 14. Nce2 Nd7
15. Ng3 Nf6 16. Nfh5 Nxh5 17. Nxh5 Bxh2+ 18. Kxh2 Qh4+ 19. Kg1 Qxh5 20. Qc5 Bf5
21. Bxf5 Qxf5 22. Qe7 Rab8 23. b4 Qe6 24. Qc5 b6 25. Qc2 Rbc8 26. Qa4 Rc7 27.
Rfc1 h5 28. Qd1 Qf5 29. Ra2 Rfc8 30. Rac2 g6 31. Rc3 Qf6 32. Qc2 Kg7 33. Qd3
Qe6 34. Qe2 Qf5 35. Qc2 Qxc2 36. R1xc2 Kf6 37. Kf1 Ke6 38. Ke2 Kd6 39. Kd3 c5
40. dxc5+ bxc5 41. b5 c4+ 42. Kd4 Re7 43. f3 Rce8 44. a4 Re4+ 0-1

[Event "Excelsior March op"]
[Site "Toronto CAN"]
[Date "2023.03.12"]
[Round "5.21"]
[White "Marchand, Calix"]
[Black "Momic, Jovan"]
[Result "1-0"]
[WhiteElo "1708"]
[BlackElo "1471"]
[PlyCount "96"]
[EventDate "2023.03.19"]
[EventType "swiss"]
[EventRounds "5"]
[EventCountry "CAN"]

1. e4 d6 2. d4 Nf6 3. Nc3 c6 4. f4 Qa5 5. Bd3 e5 6. Nf3 Bg4 7. Be3 Nbd7 8. h3
Bxf3 9. Qxf3 Be7 10. O-O h5 11. fxe5 dxe5 12. d5 Bc5 13. dxc6 bxc6 14. Kh1 Bxe3
15. Qxe3 Qb6 16. Qg5 O-O 17. b3 Qa5 18. Ne2 Qd8 19. Rf3 Kh7 20. Raf1 Rh8 21.
Ng3 Kg8 22. Nf5 Rh7 23. Rg3 Qf8 24. Qd2 a5 25. Bc4 Nc5 26. Nh6+ Rxh6 27. Qxh6
Ncxe4 28. Rg6 Ra7 29. Kh2 Rd7 30. c3 Rd6 31. Rf5 c5 32. Rxe5 Nd2 33. Reg5 Ng4+
34. hxg4 Rxg6 35. Qxg6 Nxc4 36. Qc6 Ne3 37. gxh5 Qb8+ 38. Kh3 Nf1 39. g3 a4 40.
Qf6 Qc8+ 41. Kh4 Qf8 42. h6 g6 43. Rxg6+ fxg6 44. h7+ Kxh7 45. Qxf8 axb3 46.
Qxf1 bxa2 47. Qf7+ Kh8 48. Qxa2 c4 1-0

[Event "Excelsior March op"]
[Site "Toronto CAN"]
[Date "2023.03.12"]
[Round "5.22"]
[White "Xu, Philip"]
[Black "Zhao, Jifan"]
[Result "1-0"]
[WhiteElo "1485"]
[BlackElo "1685"]
[PlyCount "78"]
[EventDate "2023.03.19"]
[EventType "swiss"]
[EventRounds "5"]
[EventCountry "CAN"]

1. c4 e6 2. d4 d5 3. Nc3 Nf6 4. Nf3 Be7 5. Bg5 O-O 6. e3 c6 7. Rc1 Nbd7 8. Be2
b6 9. O-O Bb7 10. h3 Rc8 11. Bf4 Ne4 12. Nxe4 dxe4 13. Ne5 f5 14. Qb3 c5 15.
Rfd1 Nxe5 16. Bxe5 cxd4 17. Bxd4 Qe8 18. Be5 g5 19. Qc3 g4 20. hxg4 fxg4 21.
Bxg4 Qg6 22. Bh3 Bc6 23. Qb3 Be8 24. c5 bxc5 25. Bxe6+ Bf7 26. Bxf7+ Rxf7 27.
Bf4 h5 28. Rc4 Kh7 29. Qc2 Bf6 30. Qxe4 Bxb2 31. Qxg6+ Kxg6 32. Rd6+ Rf6 33.
Rd7 Rf7 34. Rxf7 Kxf7 35. Kf1 Bf6 36. Bd6 Be7 37. Bxe7 Kxe7 38. Ke2 Kd6 39. Kd3
Kd5 1-0